01774cam a22003735i 450000100090000000300090000900500170001800800410003502000180007604000760009408200190017010000240018924500780021326400570029126400100034830000410035833600260039933700280042533800270045349000380048050000240051850400520054252002100059465000510080465100100085565300250086565500170089070000310090794200120093899900170095095201450096795201440111295201440125617712551EG-ScBUE20230220030607.0130426t2012 enka f bd 001 0 eng d a9782940411665 aAU@bengerdacAU@dSINLBdYDXCPdUKWOHdMEAUCdVP@dCDXdDLCdEG-ScBUE04222a778.3bFOX1 aFox, Anna,eauthor.10aBehind the image :bresearch in photography /cAnna Fox, Natasha Caruana. 1aLondon ;aNew York :bBloomsbury Publishing,c[2012] 4cc2012 a168 pages :billustrations ;c23 cm. 2rdacontentatextbtxt 2rdamediaaunmediatedbn 2rdacarrieravolumebnc0 aBasics creative photography ;v03 aIncludes glossary.  aIncludes bibliographical references and index. 8 a'Research Methods' is a lively exploration of how to undertake research. It brings together a wide range of different approaches and invites learners to consider innovative approaches to the way they work. 7aPhotographyxDigital techniques.2BUEsh937027 2BUEsh bCOMAMEcFebruary2017 vReading book1 aCaruana, Natasha,eauthor. 2ddccBB c24110d24082 00102ddc40708BaccahaMAINbMAINc2NDd2017-02-09ePurchasel3m16o778.3 FOXp000041141r2025-07-15 00:00:00s2021-11-03w2017-02-09yNB 00102ddc40708BaccahaMAINbMAINc2NDd2017-02-09ePurchasel1m1o778.3 FOXp000041142r2025-07-15 00:00:00s2021-09-01w2017-02-09yBB 00102ddc40708BaccahaMAINbMAINc2NDd2017-02-09ePurchasel1m1o778.3 FOXp000041143r2025-07-15 00:00:00s2022-04-07w2017-02-09yBB